<?xml version="1.0" encoding="UTF-8"?>
<record
    xmlns:xsi="http://www.w3.org/2001/XMLSchema-instance"
    xsi:schemaLocation="http://www.loc.gov/MARC21/slim http://www.loc.gov/standards/marcxml/schema/MARC21slim.xsd"
    xmlns="http://www.loc.gov/MARC21/slim">

  <leader>01893cam a22002058i 4500</leader>
  <datafield tag="999" ind1=" " ind2=" ">
    <subfield code="c">38299</subfield>
    <subfield code="d">38299</subfield>
  </datafield>
  <datafield tag="020" ind1=" " ind2=" ">
    <subfield code="a">9781032020075</subfield>
  </datafield>
  <datafield tag="041" ind1=" " ind2=" ">
    <subfield code="a">eng-</subfield>
  </datafield>
  <datafield tag="082" ind1="0" ind2="0">
    <subfield code="a">306.6</subfield>
    <subfield code="b">FUR-M</subfield>
  </datafield>
  <datafield tag="100" ind1="1" ind2=" ">
    <subfield code="a">Furseth, Inger</subfield>
    <subfield code="e">author.</subfield>
  </datafield>
  <datafield tag="245" ind1="1" ind2="0">
    <subfield code="a">Modern sociologists on society and religion /</subfield>
    <subfield code="c">Inger Furseth and P&#xE5;l Repstad.</subfield>
  </datafield>
  <datafield tag="260" ind1=" " ind2=" ">
    <subfield code="a">UK :</subfield>
    <subfield code="b">Routledge ,</subfield>
    <subfield code="c">2022.</subfield>
  </datafield>
  <datafield tag="300" ind1=" " ind2=" ">
    <subfield code="a">vii, 254p.</subfield>
  </datafield>
  <datafield tag="504" ind1=" " ind2=" ">
    <subfield code="a">Includes bibliographical references and index.</subfield>
  </datafield>
  <datafield tag="520" ind1=" " ind2=" ">
    <subfield code="a">"Modern Sociologists on Society and Religion provides an introduction to some of the most influential figures in contemporary social theory with an emphasis on their analyses of society and religion. The profiles include: Erving Goffman Zygmunt Bauman Michel Foucault Peter L. Berger Thomas Luckmann J&#xFC;rgen Habermas Pierre Bourdieu Anthony Giddens Arlie Hochschield Richard Sennett Patricia Hill Collins. The introduction places these sociologists in contemporary social discourse. Each chapter begins with an introduction to the main work and social analyses of the sociologist in question. After a brief critical assessment, it outlines their view on religion, followed by examples of how other sociologists have used their theories to study religion. Each chapter ends with the authors suggestions for how their perspectives can be used to analyze the role of religion in contemporary society. The book provides a general introduction and overview of social analyses in modern sociology. It is a rich resource for scholars and students on all levels who is interested in social theory and the complexity of religion in contemporary society. Inger Furseth is professor in sociology at the University of Oslo, Norway. P&#xE5;l Repstad is professor emeritus in sociology of religion at the University of Agder, Norway"--</subfield>
  </datafield>
  <datafield tag="546" ind1=" " ind2=" ">
    <subfield code="a">English.</subfield>
  </datafield>
  <datafield tag="650" ind1=" " ind2="0">
    <subfield code="a">Religion and sociology.</subfield>
  </datafield>
  <datafield tag="650" ind1=" " ind2="0">
    <subfield code="a">Sociologists.</subfield>
  </datafield>
  <datafield tag="700" ind1="1" ind2=" ">
    <subfield code="a">Repstad, P&#xE5;l</subfield>
    <subfield code="e">author.</subfield>
  </datafield>
  <datafield tag="942" ind1=" " ind2=" ">
    <subfield code="2">ddc</subfield>
    <subfield code="c">BK</subfield>
  </datafield>
  <datafield tag="952" ind1=" " ind2=" ">
    <subfield code="0">0</subfield>
    <subfield code="1">0</subfield>
    <subfield code="4">0</subfield>
    <subfield code="7">0</subfield>
    <subfield code="a">NASSDOC</subfield>
    <subfield code="b">NASSDOC</subfield>
    <subfield code="d">2023-03-16</subfield>
    <subfield code="e">Overseas</subfield>
    <subfield code="g">0.00</subfield>
    <subfield code="l">0</subfield>
    <subfield code="o">306.6 FUR-M</subfield>
    <subfield code="p">52722</subfield>
    <subfield code="r">2023-05-25 00:00:00</subfield>
    <subfield code="v">0.00</subfield>
    <subfield code="w">2023-05-25</subfield>
    <subfield code="y">BK</subfield>
  </datafield>
</record>
